Statistiques concernant Les Pokémon de 5 lettres ou moins

Cliquez ici pour prendre le quiz!

Statistiques générales

  • Ce quiz a été pris 39 fois
  • Le résultat moyen est 23 sur 46

Statistiques - réponses

Type 1Type 2Pokémon% Correct
Psy/Abra
91%
Poison/Arbok
81%
Electrik/Pichu
81%
Poison/Abo
78%
RocheSolOnix
75%
Dragon/Draco
69%
Psy/Mew
69%
PlanteInsecteParas
66%
RocheVolPtéra
66%
Normal/Evoli
63%
Fée/Mélo
63%
PsyVolNatu
63%
Eau/Stari
63%
PsyVolXatu
63%
Electrik/Lixy
56%
Electrik/Luxio
56%
Psy/Zarbi
56%
NormalVolDoduo
53%
Acier/Clic
50%
InsecteVolCoxy
50%
Dragon/Draby
50%
InsecteFeuPyrax
50%
Eau/Gobou
47%
FeuVolHo-Oh
47%
PsyVolLugia
47%
PsyFéeM. Mime
47%
Acier/Tic
47%
Plante/Arcko
44%
Ténèbres/Absol
41%
RochePlanteLilia
41%
Feu/Magby
41%
Combat/Riolu
41%
InsecteVolYanma
41%
Ténèbres/Zorua
41%
Feu/Entei
38%
Psy/Eoko
38%
NormalTénèbresIxon
38%
Psy/Méios
38%
Psy/Munna
34%
TénèbresFeuYuyu
34%
Eau/Dofin
28%
PsySpectreHoopa
28%
Electrik/Pohm
28%
Fée/Crémy
25%
DragonCombatEcaïd
25%
Normal/Type:0
16%

Distribution des résultats

Percentile par nombre de réponses

% des personnes avec chaque résultat

Votre développement - résultats

Vous n’avez pas pris ce quiz